Sandwiches by Picture 🥪 - Statistics

General Stats
  • This quiz has been taken 352 times
  • The average score is 9 of 15
Answer Stats
Picture Answer % Correct
grilled cheese
94%
peanut butter and jelly
94%
BLT
92%
meatball sub
88%
sloppy joe
78%
Philly cheesesteak
71%
Reuben
67%
club sandwich
62%
panini
61%
lobster roll
58%
po' boy
39%
Cuban
34%
banh mi
33%
croque monsieur
26%
Dagwood
12%
No matching quizzes found
Score Distribution
Percent of People with Each Score
Percentile by Number Answered
Your Score History
You have not taken this quiz